UM Logo
Normal view MARC view
  • Motion picture plays

Entry Topical Term

Number of records used in: 1

001 - CONTROL NUMBER

  • control field: 39709

003 - CONTROL NUMBER IDENTIFIER

  • control field: OSt

005 - DATE AND TIME OF LATEST TRANSACTION

  • control field: 20190917150455.0

008 - FIXED-LENGTH DATA ELEMENTS

  • fixed length control field: 190917|| aca||aabn | a|a d

040 ## - CATALOGING SOURCE

  • Original cataloging agency: OSt
  • Transcribing agency: OSt

150 ## - HEADING--TOPICAL TERM

  • Topical term or geographic name entry element: Motion picture plays
  • General subdivision: Comedian

670 ## - SOURCE DATA FOUND

  • Source citation: Work cat.: (OSt)14164: 39290 D'addario, Daniel., Bamford's dynamite is a wild ride/, c2016.